Países en los Juegos Panamericanos - Estadísticas

Estadísticas generales
  • Esta prueba ha sido intentada 52 veces
  • La puntuación promedio es 34 de 41
Estadísticas de respuestas
Participantes % Correcto
Argentina
98%
Brasil
96%
Chile
96%
Canadá
94%
Costa Rica
94%
Estados Unidos
94%
Honduras
94%
Perú
94%
Colombia
91%
Ecuador
91%
El Salvador
91%
Guatemala
91%
México
91%
Paraguay
91%
Venezuela
91%
Belice
89%
Bolivia
89%
Cuba
89%
Guyana
89%
Haití
89%
Antigua y Barbuda
87%
Bahamas
87%
Barbados
87%
Jamaica
87%
Panamá
87%
Dominica
85%
Nicaragua
85%
República Dominicana
85%
Uruguay
85%
Santa Lucía
83%
Trinidad y Tobago
83%
San Cristóbal y Nieves
81%
San Vicente y las Granadinas
81%
Granada
79%
Surinam
77%
Puerto Rico
62%
Aruba
60%
Islas Vírgenes Británicas
55%
Islas Vírgenes de los Estados Unidos
55%
Bermudas
53%
Islas Caimán
43%
No se encontraron pruebas coincidentes
Distribución de puntuación
Porcentaje de gente con cada puntuación
Porcentaje por número respondido
Historial de tus puntuaciones
No has intentado esta prueba.